[Event "BL2-Sued 2122"]
[Site "Germany"]
[Date "2022.04.30"]
[Round "3.3"]
[White "Doric, Darko"]
[Black "Hera, Imre Jr"]
[Result "0-1"]
[WhiteElo "2481"]
[BlackElo "2576"]
[PlyCount "88"]
[EventDate "2022.03.05"]
[EventType "team-tourn"]
[EventRounds "10"]
[EventCountry "GER"]
[SourceTitle "EXT 2023"]
[Source "ChessBase"]
[SourceDate "2022.10.05"]
[SourceVersion "1"]
[SourceVersionDate "2022.10.05"]
[SourceQuality "1"]
[WhiteTeam "Schoenaich"]
[BlackTeam "Speyer Schwegenheim"]
[WhiteTeamCountry "GER"]
[BlackTeamCountry "GER"]

1. Nf3 c5 2. c4 Nc6 3. g3 g6 4. Bg2 Bg7 5. Nc3 d6 6. d3 e6 7. h4 h6 8. e3 Nge7 9. 0-0 0-0 10. Qd2 e5 11. b3 Be6 12. Bb2 Qd7 13. d4 exd4 14. exd4 Bg4 15. dxc5 dxc5 16. Nd5 Nxd5 17. Bxg7 Kxg7 18. cxd5 Bxf3 19. Bxf3 Nd4 20. Bg2 a5 21. Rfe1 b6 22. Re5 Rae8 23. Rae1 Rxe5 24. Rxe5 Qd6 25. Qe3 Ra8 26. Re8 Rxe8 27. Qxe8 b5 28. Qe3 b4 29. f4 Nf5 30. Qe1 Qf6 31. Kh2 Kf8 32. Bh3 Qb2+ 33. Kh1 Qc3 34. Qe5 Qxe5 35. fxe5 Ne3 36. Kg1 Nxd5 37. Kf2 Nc3 38. Ke3 Nxa2 39. Kd3 Nc3 40. Kc4 Ne4 41. Bg2 Nd2+ 42. Kxc5 Nxb3+ 43. Kb5 Nd2 44. Ka4 b3 0-1

[Event "HUN-chT 2122"]
[Site "Hungary"]
[Date "2021.10.31"]
[Round "2.3"]
[White "Jovanovic, Zoran"]
[Black "Hera, Imre Jr"]
[Result "1/2-1/2"]
[WhiteElo "2523"]
[BlackElo "2579"]
[PlyCount "114"]
[EventDate "2021.10.10"]
[EventType "team-tourn"]
[EventRounds "9"]
[EventCountry "HUN"]
[SourceTitle "EXT 2023"]
[Source "ChessBase"]
[SourceDate "2022.10.05"]
[SourceVersion "1"]
[SourceVersionDate "2022.10.05"]
[SourceQuality "1"]
[WhiteTeam "Dunaharaszti"]
[BlackTeam "Haladas"]
[WhiteTeamCountry "HUN"]
[BlackTeamCountry "HUN"]

1. e4 c6 2. Nf3 d5 3. d3 Qc7 4. Nc3 dxe4 5. dxe4 e5 6. Bc4 h6 7. a4 Nf6 8. 0-0 Be7 9. Nh4 Bg4 10. Qd3 Nbd7 11. Qg3 g5 12. Nf5 Bxf5 13. exf5 Bd6 14. Rd1 0-0-0 15. Bxf7 Nc5 16. Bc4 e4 17. Qh3 Kb8 18. Be3 Ncd7 19. Bd4 Ne5 20. Be2 a6 21. Rd2 Bc5 22. Rad1 Rxd4 23. Rxd4 Nd3 24. Bxd3 Bxd4 25. Nxe4 Nxe4 26. Bxe4 Bxb2 27. Qb3 Be5 28. g3 Re8 29. Bf3 Bf6 30. Qb4 a5 31. Qc5 Qe5 32. Qd6+ Qxd6 33. Rxd6 Rf8 34. Rd7 Be5 35. Be4 Rf6 36. Kg2 Kc8 37. Re7 Bc3 38. Bd3 b5 39. Re3 Bd4 40. Re4 Bb6 41. g4 bxa4 42. Rxa4 Rd6 43. Rc4 Kd7 44. Be4 c5 45. c3 Rd2 46. Bf3 Rc2 47. Bd1 Rc1 48. Ba4+ Kd6 49. Re4 Rxc3 50. Re6+ Kc7 51. Re7+ Kd6 52. Re6+ Kc7 53. Bb5 Rb3 54. Bc4 Rb4 55. Re4 Kd7 56. f6 Bd8 57. f7 Be7 1/2-1/2

[Event "EU-Cup 36th"]
[Site "Struga"]
[Date "2021.09.19"]
[Round "2.5"]
[White "Shirov, Alexei"]
[Black "Hera, Imre Jr"]
[Result "1-0"]
[WhiteElo "2652"]
[BlackElo "2582"]
[PlyCount "101"]
[EventDate "2021.09.18"]
[EventType "team-swiss"]
[EventRounds "7"]
[EventCountry "MKD"]
[SourceTitle "CBM 204 Extra"]
[Source "ChessBase"]
[SourceDate "2021.11.30"]
[SourceVersion "1"]
[SourceVersionDate "2021.11.30"]
[SourceQuality "1"]
[WhiteTeam "Silla Valencia"]
[BlackTeam "Wirtzfeld"]
[WhiteTeamCountry "ESP"]
[BlackTeamCountry "BEL"]

1. d4 d5 2. c4 e6 3. Nf3 Nf6 4. g3 Be7 5. Bg2 0-0 6. 0-0 c6 7. Qc2 b6 8. Ne5 Bb7 9. Nc3 Nbd7 10. e4 Nxe5 11. dxe5 Nxe4 12. Nxe4 dxe4 13. Bxe4 h6 14. Qe2 Qc7 15. Bc2 c5 16. Qd3 f5 17. exf6 Rxf6 18. Qh7+ Kf7 19. Bf4 Bd6 20. Bxd6 Qxd6 21. Rad1 Qc6 22. f3 Re8 23. Be4 Qc7 24. Bxb7 Qxb7 25. Rd3 Re7 26. Rfd1 Rf5 27. h4 Qb8 28. Kf2 Qe5 29. R1d2 Qe4 30. b3 h5 31. Re3 Qb1 32. Kg2 Qa1 33. Rde2 Qf6 34. Qh8 Qg6 35. Qc8 Rf6 36. Re5 Qd3 37. Qa8 Rf5 38. R5e3 Qd7 39. Qe4 Qc7 40. Rd3 Qb7 41. Qe3 Kg8 42. Rd6 Ref7 43. Rf2 e5 44. Rd5 Qe7 45. Qe4 g5 46. hxg5 Qxg5 47. f4 exf4 48. Rxf4 Rg7 49. Rdxf5 Qxg3+ 50. Kf1 Qg1+ 51. Ke2 1-0

[Event "Skalica op"]
[Site "Skalica"]
[Date "2021.08.27"]
[Round "7"]
[White "Hera, Imre Jr"]
[Black "Pechac, Jergus"]
[Result "1/2-1/2"]
[WhiteElo "2601"]
[BlackElo "2523"]
[PlyCount "24"]
[EventDate "2021.08.21"]
[EventType "swiss"]
[EventRounds "9"]
[EventCountry "SVK"]
[SourceTitle "CBM 204 Extra"]
[Source "ChessBase"]
[SourceDate "2021.11.30"]
[SourceVersion "1"]
[SourceVersionDate "2021.11.30"]
[SourceQuality "1"]

1. d4 d5 2. c4 c6 3. Nc3 Nf6 4. e3 a6 5. Bd3 dxc4 6. Bxc4 e6 7. Nf3 c5 8. 0-0 b5 9. Be2 Nbd7 10. d5 Nb6 11. dxe6 Bxe6 12. Qc2 Be7 1/2-1/2

[Event "Skalica op"]
[Site "Skalica"]
[Date "2021.08.22"]
[Round "2"]
[White "Czerw, Dawid"]
[Black "Hera, Imre Jr"]
[Result "1/2-1/2"]
[WhiteElo "2264"]
[BlackElo "2601"]
[PlyCount "103"]
[EventDate "2021.08.21"]
[EventType "swiss"]
[EventRounds "9"]
[EventCountry "SVK"]
[SourceTitle "CBM 204 Extra"]
[Source "ChessBase"]
[SourceDate "2021.11.30"]
[SourceVersion "1"]
[SourceVersionDate "2021.11.30"]
[SourceQuality "1"]

1. d4 Nf6 2. c4 e6 3. g3 d5 4. Nf3 Be7 5. Bg2 0-0 6. Nc3 Nbd7 7. Qd3 c6 8. 0-0 b6 9. e4 Ba6 10. b3 Rc8 11. a4 h6 12. Rd1 Qc7 13. e5 Nh7 14. Bf1 dxc4 15. Qe4 Ng5 16. Bxg5 Bxg5 17. Nxg5 hxg5 18. Re1 Rce8 19. bxc4 c5 20. Nb5 Bxb5 21. axb5 cxd4 22. Qxd4 Nc5 23. Qg4 Qe7 24. Ra3 Rd8 25. h4 gxh4 26. gxh4 f5 27. exf6 Qxf6 28. Qg2 Rf7 29. Ree3 Rdf8 30. Ra2 Qxh4 31. Rh3 Qf4 32. Qg6 Qf5 33. Qxf5 Rxf5 34. Bd3 Rg5+ 35. Kf1 Rf7 36. Bh7+ Kf8 37. Bc2 Rd7 38. Rh8+ Ke7 39. Ra8 Rg4 40. R2xa7 Rxc4 41. Bg6 Rb4 42. Rxd7+ Nxd7 43. Bd3 g5 44. Ra7 Kd6 45. Rb7 Ne5 46. Be2 Kc5 47. Rc7+ Kd5 48. Rb7 Ng6 49. Kg1 Nf4 50. Bf1 Kc5 51. Rc7+ Kd5 52. Rb7 1/2-1/2

[Event "FIDE World Cup Europe Hybrid Qual"]
[Site "Tornelo INT"]
[Date "2021.05.24"]
[Round "1.1"]
[White "Hera, Imre Jr"]
[Black "Rego, Pedro Filipe"]
[Result "1-0"]
[WhiteElo "2610"]
[BlackElo "2222"]
[PlyCount "73"]
[EventDate "2021.05.24"]
[EventType "k.o."]
[EventRounds "3"]
[EventCountry "NET"]
[SourceTitle "CBM 202 Extra"]
[Source "ChessBase"]
[SourceDate "2021.07.31"]
[SourceVersion "1"]
[SourceVersionDate "2021.07.31"]
[SourceQuality "1"]

1. Nf3 Nf6 2. g3 d5 3. c4 e6 4. Bg2 Be7 5. 0-0 0-0 6. b3 c5 7. Bb2 Nc6 8. cxd5 Nxd5 9. Nc3 Bf6 10. Qc2 Nxc3 11. dxc3 Qc7 12. Rad1 h6 13. Nd2 b6 14. Ne4 Be7 15. c4 f5 16. Nc3 a6 17. Qd2 Ra7 18. Nd5 exd5 19. Qxd5+ Kh7 20. Qxc6 Qxc6 21. Bxc6 Bf6 22. Bxf6 Rxf6 23. Bf3 b5 24. Rd5 Rc7 25. cxb5 axb5 26. Rc1 c4 27. Rxb5 Ba6 28. Rb4 c3 29. Rd4 Re6 30. e3 Rb6 31. Bd5 c2 32. Rd2 Rd6 33. Bg8+ Kxg8 34. Rxd6 Be2 35. Rd2 Bd1 36. Rdxd1 cxd1Q+ 37. Rxd1 1-0

[Event "Mitropa Cup Online"]
[Site "Tornelo INT"]
[Date "2021.05.10"]
[Round "7.1"]
[White "Hera, Imre Jr"]
[Black "Bogner, Sebastian"]
[Result "1/2-1/2"]
[WhiteElo "2610"]
[BlackElo "2577"]
[PlyCount "137"]
[EventDate "2021.05.04"]
[EventType "team-tourn"]
[EventRounds "9"]
[EventCountry "SUI"]
[SourceTitle "CBM 202 Extra"]
[Source "ChessBase"]
[SourceDate "2021.07.31"]
[SourceVersion "1"]
[SourceVersionDate "2021.07.31"]
[SourceQuality "1"]
[WhiteTeam "Hungary"]
[BlackTeam "Switzerland"]
[WhiteTeamCountry "HUN"]
[BlackTeamCountry "SUI"]

1. Nf3 d5 2. g3 Nd7 3. Bg2 e5 4. d3 Ngf6 5. 0-0 Bd6 6. Nbd2 0-0 7. e4 c6 8. b3 a5 9. a4 Re8 10. Bb2 h6 11. Re1 Qc7 12. Qe2 b6 13. Nh4 Bb7 14. Rad1 b5 15. exd5 cxd5 16. axb5 Qxc2 17. Nc4 Qxe2 18. Rxe2 Bc7 19. b6 Nxb6 20. Nxe5 Nfd7 21. d4 a4 22. bxa4 Nxa4 23. Ba1 Nf6 24. Rc2 Bd6 25. Nf5 Bf8 26. Rc7 Bc8 27. Ne3 Be6 28. f4 g6 29. g4 Bd6 30. Rc6 Bxe5 31. dxe5 Nxg4 32. Nxd5 Bxd5 33. Bxd5 Ne3 34. Rxg6+ Kh7 35. Bxa8 Rxa8 36. Rgd6 Nxd1 37. Rxd1 Nc5 38. f5 Rg8+ 39. Kh1 Rg5 40. Rf1 Rg4 41. Rg1 h5 42. Rxg4 hxg4 43. Bd4 Ne4 44. Be3 Kg7 45. Bf4 Kf8 46. Kg2 Ke7 47. Kf1 Kd7 48. Ke2 Kc6 49. Kd3 Kd5 50. Ke3 Nc5 51. Bg3 Nd7 52. Kf4 Nxe5 53. Kg5 Nd7 54. Kxg4 Ke4 55. Kg5 Nf8 56. Kf6 Nh7+ 57. Kg7 Ng5 58. f6 Kf5 59. Bf2 Ne4 60. Bd4 Ke6 61. Bb2 Nd6 62. Kh6 Kf5 63. Kg7 Ke6 64. Kh6 Kf5 65. h4 Kg4 66. Kg7 Kxh4 67. Be5 Ne8+ 68. Kxf7 Nxf6 69. Bxf6+ 1/2-1/2